Представление документа в формате RUSMARC

ПолеНазваниеЗначение
  Тип записи a
  Библиографический уровень m
001 Контрольный номер fa3b003c62224ea8a9c56a816f2ab14c
005 Дата корректировки 20201206205148.6
010 Индекс ISBN __
a ISBN 978-5-4484-0122-0 (в пер.)
d Цена 416-33, 1000 экз.
100 Данные общей обработки __
a Данные общей обработки 19181106d2018||||||| 0rusy0189 ca
101 Язык документа 0_
a Язык текста rus
102 Страна публикации __
a Страна публикации ru
102 Страна публикации __
a Страна публикации RU
105 Кодированные данные (монография) __
a Кодированные данные (монография) ||||||||000zy
200 Заглавие и сведения об ответственности __
a Заглавие Паола Боа ; Цифра
a Заглавие Цифра
200 Заглавие и сведения об ответственности 1_
e Сведения, относящиеся к заглавию романы
f Первые сведения об ответственности Александр Проханов ; [вступительная статья Михаила Кильдяшова]
b Общее обозначение материала Текст
210 Выходные данные __
a Место издания Москва
c Издательство Вече
d Дата издания 2018
215 Физическое описание __
a Объем 380, [1] с.
d Формат 21 см
330 Аннотация __
a Аннотация Издание этой книги приурочено к восьмидесятилетию замечательного русского писателя Александра Проханова, который продолжает удивлять, поражать, а временами - намеренно шокировать читателей, но именно так и должен вести себя талантливый писатель. Новые романы Александра Проханова "Паола Боа" и "Цифра" в аллегорической форме пророчествуют о судьбе России. В них смешаны сатира и лирика, бескомпромиссное обличение пороков российского общества и горячее признание в любви к Родине. Ни один из читателей не останется равнодушным!
333 Примечание о целевом назначении __
a Примечание о целевом назначении 16+. Для детей старше 16 лет
606 Тематические рубрики __
a Основная рубрика Художественная литература
606 Тематические рубрики __
a Основная рубрика Русская литература XX в. (произведения)
610 Ключевые слова __
a Ключевые слова тема современного общества
610 Ключевые слова __
a Ключевые слова тема России
610 Ключевые слова __
a Ключевые слова сатирические романы
610 Ключевые слова __
a Ключевые слова лирические романы
610 Ключевые слова __
a Ключевые слова сатирическая проза
610 Ключевые слова __
a Ключевые слова тема пороков
610 Ключевые слова __
a Ключевые слова тема любви к Родине
610 Ключевые слова __
a Ключевые слова тема общества
610 Ключевые слова __
a Ключевые слова лирическая проза
610 Ключевые слова __
a Ключевые слова романы
610 Ключевые слова __
a Ключевые слова современная проза
686 Индексы других классификаций __
2 Код системы rubbks
a Классификационный индекс 84(2=411.2)6-4; ст84(2Рос=Рус)6-4
700 Автор _1
a Фамилия Проханов
b Имя А. А.
f Даты 1938-
g Полное личное имя Александр Андреевич
4 Код отношения 070
702 Вторичная интеллектуальная ответственность _1
a Фамилия Кильдяшов
b Имя М.
4 Код отношения Автор предисловия и т.д.
g Полное личное имя Михаил
4 Код отношения 080
801 Источник записи _0
a Страна ru
b Организация Муниципальное бюджетное учреждение культуры "Централизованная библиотечная система" г. Сургут (Центральная городская библиотека им. А. С. Пушкина)
c Дата составления 20181106
g Правила каталогизации PSBO
801 Источник записи _1
a Страна ru
b Организация Муниципальное бюджетное учреждение культуры "Централизованная библиотечная система" г. Сургут (Центральная городская библиотека им. А. С. Пушкина)
c Дата составления 20181106
g Правила каталогизации PSBO
852 Данные о местонахождении __
j Шифр хранения 84(2=411.2)6-4
i Авторский знак П 84
901 Тип документа __
t Тип документа m
a Ответственный КиК/Мамарузиева
903 Характеристики (МАРС) __
a Дата передачи 20181106
990 Данные о заказе (DOS) __
j Количество экземпляров (DOS) 7
t N записи в КСУ для И/У (DOS) 201810